Online katalóg knižníc regiónu Turca

Osudný medailón (Record no. 22753)

MARC details
000 -LEADER
fixed length control field 00926nam a2200313 a 4500
001 - CONTROL NUMBER
control field 22753
003 - CONTROL NUMBER IDENTIFIER
control field SK-KTurca
005 - DATE AND TIME OF LATEST TRANSACTION
control field 20260422164230.0
008 - FIXED-LENGTH DATA ELEMENTS--GENERAL INFORMATION
fixed length control field 250414s1980 xo 0 slo
015 ## - NATIONAL BIBLIOGRAPHY NUMBER
National bibliography number SNBA1981/05
035 ## - SYSTEM CONTROL NUMBER
System control number SNK000044522
040 ## - CATALOGING SOURCE
Original cataloging agency SNK
Language of cataloging slo
Transcribing agency SNK
Description conventions AACR2
041 0# - LANGUAGE CODE
Language code of text/sound track or separate title slo
044 ## - COUNTRY OF PUBLISHING/PRODUCING ENTITY CODE
MARC country code xo
ISO country code SK
080 ## - UNIVERSAL DECIMAL CLASSIFICATION NUMBER
Universal Decimal Classification number 830-3
Edition identifier 1981
100 1# - MAIN ENTRY--PERSONAL NAME
Personal name Bergius, C. C.,
Dates associated with a name 1910-1996
Relationship aut
245 10 - TITLE STATEMENT
Title Osudný medailón
Statement of responsibility, etc. C. C. Bergius ; Evelína Radičová, Adela Jakabová
250 ## - EDITION STATEMENT
Edition statement 1. vyd.
260 ## - PUBLICATION, DISTRIBUTION, ETC.
Place of publication, distribution, etc. Bratislava
Name of publisher, distributor, etc. Tatran
Date of publication, distribution, etc. 1980
Place of manufacture Trnava
Manufacturer Polygrafické stredisko
300 ## - PHYSICAL DESCRIPTION
Extent 469 s., 27,93 AH
Dimensions 21 cm
366 ## - TRADE AVAILABILITY INFORMATION
Note 40000 výtl.
490 0# - SERIES STATEMENT
Series statement Meteor
Volume/sequential designation Zv. 93.
500 ## - GENERAL NOTE
General note Ilustr. na front.
700 1# - ADDED ENTRY--PERSONAL NAME
Personal name Silberhornová, Evelína
Relationship trl
700 1# - ADDED ENTRY--PERSONAL NAME
Personal name Jakabová, Adela,
Dates associated with a name 1945-
Relationship bkd
942 ## - ADDED ENTRY ELEMENTS (KOHA)
Source of classification or shelving scheme Dewey Decimal Classification
Koha item type Krásna literatúra pre dospelých
Suppress in OPAC No
Holdings
Stav vyradenia Strata Poškodenie Spôsob nadobudnutia Domovská knižnica Aktuálna knižnica Dátum nadobudnutia Total checkouts Čiarový kód exemplára Date last seen Typ exemplára
      Dar Obecná knižnica Folkušová Obecná knižnica Folkušová 22.04.2026   4734401082 22.04.2026 Krásna literatúra pre dospelých
Projekt je podporený Slovenskou asociáciou knižníc
Prevádzkuje Turčianska knižnica Martin 2026